|
|
|
|
| LEADER |
01651nam a2200457 a 4500 |
| 001 |
nkc20081819131 |
| 003 |
CZ PrNK |
| 005 |
20081119163019.0 |
| 007 |
ta |
| 008 |
080912s2007 xr a e f 000 0 cze |
| 015 |
|
|
|a cnb001819131
|
| 020 |
|
|
|a 978-80-7309-488-1
|q (váz.)
|
| 035 |
|
|
|a (OCoLC)271611879
|
| 040 |
|
|
|a OLA001
|b cze
|d BOA001
|d ABA001
|
| 043 |
|
|
|a e-xr---
|b e-xr-li
|2 czenas
|
| 072 |
|
7 |
|a 913(437)
|x Geografie Česka a Slovenska, reálie, cestování
|2 Konspekt
|9 7
|
| 080 |
|
|
|a 913:338.483.1
|2 MRF
|
| 080 |
|
|
|a 908(437.316)
|2 MRF
|
| 080 |
|
|
|a (048.8)
|2 MRF
|
| 080 |
|
|
|a (036)
|2 MRF
|
| 100 |
1 |
|
|a Růžička, Jiří
|7 xx0027229
|4 aut
|4 pht
|
| 245 |
1 |
0 |
|a Českolipsko do kapsy /
|c [text a fotografie] Jiří Růžička
|
| 246 |
3 |
0 |
|a Českolipsko
|
| 250 |
|
|
|a Vyd. 1.
|
| 260 |
|
|
|a Praha :
|b Levné knihy,
|c 2007
|
| 300 |
|
|
|a 206 s. :
|b barev. il. ;
|c 20 cm
|
| 650 |
0 |
7 |
|a turistické zajímavosti
|7 ph126800
|z Česko
|2 czenas
|
| 650 |
0 |
9 |
|a tourist sights
|z Czechia
|2 eczenas
|
| 651 |
|
7 |
|a Česká Lípa (Česko : oblast)
|7 ge131693
|x vlastivěda
|2 czenas
|
| 651 |
|
9 |
|a Česká Lípa Region (Czechia)
|x description and travel
|2 eczenas
|
| 655 |
|
7 |
|a přehledy
|7 fd133202
|2 czenas
|
| 655 |
|
7 |
|a průvodce
|7 fd133154
|2 czenas
|
| 655 |
|
9 |
|a surveys
|2 eczenas
|
| 655 |
|
9 |
|a guidebooks
|2 eczenas
|
| 856 |
4 |
1 |
|u http://www.digitalniknihovna.cz/mzk/uuid/uuid:ee7c2970-5cb4-11e3-ae59-005056827e52
|y Digitalizovaný dokument
|x NDK
|
| 910 |
2 |
|
|a BOA001
|b 2-1210.818
|
| 928 |
9 |
|
|a KMa
|
| 990 |
|
|
|a BK
|
| 995 |
|
|
|a 01
|
| 991 |
|
|
|b 200809
|c NOV
|
| 996 |
6 |
|
|b 2610353698
|c 2-1210.818
|l MZK
|r Sklad / do 1 hodiny
|n 2
|p p.v.
|w 000912114
|u 000010
|a 1
|e BOA001
|j MZK50
|s P
|